|
|
|
|
| LEADER |
01184naa a2200241 i 4500 |
| 001 |
acta45983 |
| 005 |
20230608144157.0 |
| 008 |
170623s1979 hu o 1|| hun d |
| 040 |
|
|
|a SZTE Egyetemi Kiadványok Repozitórium
|b hun
|
| 041 |
|
|
|a hun
|
| 100 |
1 |
|
|a Bosnyák Sándor
|
| 245 |
1 |
3 |
|a Az egészségügyi gép- és műszernyilvántartás számítógépes rendszere
|h [elektronikus dokumentum] /
|c Bosnyák Sándor
|
| 260 |
|
|
|c 1979
|
| 300 |
|
|
|a 705-731
|
| 490 |
0 |
|
|a Számítástechnikai és kibernetikai módszerek alkalmazása az orvostudományban és a biológiában
|v 9
|
| 650 |
|
4 |
|a Természettudományok
|
| 650 |
|
4 |
|a Számítás- és információtudomány
|
| 650 |
|
4 |
|a Orvos- és egészségtudomány
|
| 650 |
|
4 |
|a Egészségtudományok
|
| 695 |
|
|
|a Számítógép alkalmazása - orvostudomány, Információs rendszer, Adatszolgáltatás, Adatfeldolgozás - számítógép alkalmazása
|
| 700 |
0 |
1 |
|a Kovács Ferencné
|e aut
|
| 711 |
|
|
|a Számítástechnikai és kibernetikai módszerek alkalmazása az orvostudományban és a biológiában
|c Szeged
|d 1978. december 4-6.
|
| 856 |
4 |
0 |
|u http://acta.bibl.u-szeged.hu/45983/1/szamtech_orvost_koll_009_705-731.pdf
|z Dokumentum-elérés
|